<?xml version="1.0" encoding="UTF-8"?>
<record
    xmlns:xsi="http://www.w3.org/2001/XMLSchema-instance"
    xsi:schemaLocation="http://www.loc.gov/MARC21/slim http://www.loc.gov/standards/marcxml/schema/MARC21slim.xsd"
    xmlns="http://www.loc.gov/MARC21/slim">

  <leader>01626nam a22001577a 4500</leader>
  <datafield tag="999" ind1=" " ind2=" ">
    <subfield code="c">521766</subfield>
    <subfield code="d">521766</subfield>
  </datafield>
  <controlfield tag="008">230227b           ||||| |||| 00| 0 eng d</controlfield>
  <datafield tag="100" ind1=" " ind2=" ">
    <subfield code="a">Das, Panchanan and Biswas, Sumita </subfield>
    <subfield code="9">37528</subfield>
  </datafield>
  <datafield tag="245" ind1=" " ind2=" ">
    <subfield code="a">Social identity, gender and unequal opportunity of earning in urban India: 2017&#x2013;2018 to 2019&#x2013;2020</subfield>
  </datafield>
  <datafield tag="260" ind1=" " ind2=" ">
    <subfield code="a">The Indian Journal of Labour Economics </subfield>
  </datafield>
  <datafield tag="300" ind1=" " ind2=" ">
    <subfield code="a">65(1), Jan-Mar, 2022: p.39-57</subfield>
  </datafield>
  <datafield tag="520" ind1=" " ind2=" ">
    <subfield code="a">This study measures inequality of opportunity in earnings of different types of workers living in urban locations by using methodology similar to those developed in Ferreira and Gignoux (Review of Income and Wealth 57: 622&#x2013;657, 2011) with household-level data taken from Periodic the Labour Force Surveys. In calculating the index of unequal opportunity, we use ex ante concept of equal opportunity, and gender, social status and parent&#x2019;s education as circumstance variables. Shapley decomposition is performed to find out the relative roles of the circumstance variables in unequal opportunity in earnings. This empirical exercise reveals that a substantial part (nearly one-fourth) of total earning inequality is accounted for by inequality of opportunity in urban India. Parental education plays a significant role in contributing to unequal opportunity for regular salaried and self-employed workers, and gender difference is very much important in explaining unequal earning opportunity for casual wage workers. &#x2013; Reproduced </subfield>
  </datafield>
  <datafield tag="650" ind1=" " ind2=" ">
    <subfield code="a">Inequality of opportunity, Earning inequality, India</subfield>
    <subfield code="9">35966</subfield>
  </datafield>
  <datafield tag="773" ind1=" " ind2=" ">
    <subfield code="a">The Indian Journal of Labour Economics </subfield>
  </datafield>
  <datafield tag="906" ind1=" " ind2=" ">
    <subfield code="a">URBAN DEVELOPMENT</subfield>
  </datafield>
  <datafield tag="942" ind1=" " ind2=" ">
    <subfield code="c">AR</subfield>
  </datafield>
  <datafield tag="952" ind1=" " ind2=" ">
    <subfield code="0">0</subfield>
    <subfield code="1">0</subfield>
    <subfield code="2">ddc</subfield>
    <subfield code="4">0</subfield>
    <subfield code="7">0</subfield>
    <subfield code="9">396465</subfield>
    <subfield code="a">IIPA</subfield>
    <subfield code="b">IIPA</subfield>
    <subfield code="d">2023-02-27</subfield>
    <subfield code="h">65(1), Jan-Mar, 2022: p.39-57</subfield>
    <subfield code="p">AR128097</subfield>
    <subfield code="r">2023-02-27</subfield>
    <subfield code="y">AR</subfield>
  </datafield>
</record>
